000 00381nam a2200157Ia 4500
008 181130s2018 xx 000 0 und d
100 _aRisse, Thomas
245 _aLimited statehood does not equal civil war
260 _c2018
300 _ap.104-115.
504 _dWinter
650 _aCivil war
700 _aStollenwerk, Eric
773 _aDaedalus
906 _aCivil war
999 _c506612
_d506612